Les pays où l'on diagnostique le plus de cancers - Statistiques

Statistiques générales
  • Ce quiz a été pris 126 fois
  • Le résultat moyen est 5 sur 10
Statistiques - réponses
Nombre de cas pour 100 Pays % Correct
8,5 États-Unis
97%
6,5 Canada
80%
4,7 Allemagne
71%
5,5 Japon
71%
5,1 Italie
61%
5,1 Pologne
47%
5,2 Autriche
36%
4,9 Croatie
21%
4,8 Estonie
12%
6,6 Monaco
11%
Aucun quiz correspondant
Distribution des résultats
% des personnes avec chaque résultat
Percentile par nombre de réponses
Votre historique - résultats
Vous n’avez pas pris ce quiz